000 02340nam0a2200517 4500
001 RU\NLR\BIBL_A\012712319
005 20260406044438.0
035 _a(NLR Aleph) 012712319
090 _a12913966
_c12913966
100 _a20220221d1803 |||y0rusy50 ca
101 1 _aeng
_bfre
_crus
102 _aRU
135 _acrcn 024anaba
140 _ay y |||||||| ya 000
200 1 _aMr. Karamsin's Julia
_ftranslated from the Russ in to French by Mr. du Boullier, and from the French in to English by Ann P.H....
210 _aSt. Petersburg [St.- Peterburg]
_cprinted for F. Drechsler
_d1803
215 _a65, [1] с.
_d12° (14 см)
304 _aНа тит. л. инициалы пер. Полное имя пер.: Ann Preuser Hawkins. Указ. в посвящ.
316 _aЭкз. РНБ (13.16.8.60): Коричневый крапчатый обрез. На форзаце рукоп. помета (запись)
_5NLR: 13.16.8.60
325 _aКопия доступна в Электрон. б-ке РНБ
517 1 _aJulia
540 1 _aЮлия [повесть]
620 _dSt.- Peterburg
686 0 _aШ6(2=Р)5-4
686 0 _aШ6(2=Р)57фр.
686 0 _aШ6(2=Р)57англ.
700 1 _4070
_8rus
_7ba
_aKaramzin
_bN. M.
_f1766-1826
_gNikolaj Michajlovič
_3RU\NLR\AUTH\774301
_9114282
702 1 _aPreuser Hawkins
_bA.
_gAnn
_4730
702 1 _aDrechsler
_bF.
_gFriedrich
_4650
852 _aNLR
_bRossica
_j13.16.8.60
942 _cBOOK
980 _aNB
980 _ain1719v
981 4 1 _a(41) Иностранный книжный фонд
981 3 3 _a(33) Художественная литература
_b(33) Переводы
981 3 3 _a(33) Художественная литература
_b(33) Отечественная литература
981 2 0 _a(20) Книжные памятники РНБ
_b(20) Россика